Game of Thrones- Lyanna Mormont speech - Statistics

General Stats
  • This quiz has been taken 67 times
  • The average score is 56 of 96
Answer Stats
Answer % Correct
i
97%
in
94%
in
94%
no
94%
the
94%
the
94%
the
94%
the
94%
the
94%
the
94%
the
94%
Stark
91%
Stark
91%
king
88%
King
88%
king
88%
a
85%
North
85%
North
85%
is
82%
know
82%
but
76%
but
76%
but
76%
but
76%
we
76%
name
73%
you
73%
you
73%
you
73%
you
73%
you
73%
whose
70%
and
64%
call
64%
call
64%
call
64%
bastard
61%
his
61%
his
61%
House
61%
House
61%
my
61%
son
61%
Lord
58%
Lord
58%
Lord
58%
Mormont
58%
Ned
55%
of
55%
your
52%
your
52%
blood
48%
Bolton
48%
care
48%
don't
48%
Red
48%
refused
48%
refused
48%
refused
48%
was
48%
was
48%
Wedding
48%
at
45%
he's
45%
he's
45%
remembers
45%
remembers
45%
Stark's
45%
veins
45%
day
42%
day
42%
if
42%
last
42%
runs
42%
through
42%
until
42%
father
39%
Glover
39%
need
39%
this
39%
by
36%
Manderly
36%
Ramsay
36%
to
36%
butchered
30%
from
30%
hour
30%
their
30%
still
27%
greatest
24%
swore
24%
alive
21%
allegiance
21%
Cerwyn
18%
skinned
18%
No matching quizzes found
Score Distribution
Percent of People with Each Score
Percentile by Number Answered
Your Score History
You have not taken this quiz